Loading...
Science - Other Science | 0 | 6 | 0 | 0 | 60 | 54 | 73.00 | 1 | 2 |
Science - Chemistry | 0 | 5 | 1 | 2 | 45 | 90 | 116.20 | 0 | 0 |
History - World History | 0 | 5 | 1 | 1 | 45 | 100 | 118.40 | 0 | 0 |
History - European History | 0 | 4 | 0 | 3 | 40 | 98 | 133.25 | 0 | 1 |
Science - Physics | 0 | 7 | 7 | 0 | 35 | 64 | 105.86 | 0 | 3 |
Current Events | 0 | 3 | 0 | 1 | 30 | 99 | 112.00 | 0 | 0 |
History - American History | 0 | 3 | 0 | 1 | 30 | 87 | 116.00 | 0 | 1 |
History - Other History | 0 | 2 | 1 | 1 | 15 | 107 | 127.00 | 0 | 0 |
Science - Biology | 0 | 2 | 2 | 0 | 10 | 85 | 96.50 | 1 | 1 |
Geography | 0 | 2 | 2 | 0 | 10 | 123 | 124.50 | 0 | 0 |
Fine Arts - Painting & Sculpture | 0 | 1 | 0 | 0 | 10 | 104 | 104.00 | 0 | 0 |
Social Science | 0 | 1 | 1 | 0 | 5 | 107 | 107.00 | 0 | 0 |